| 000 | 00631nam a2200193Ia 4500 | ||
|---|---|---|---|
| 003 | GCL | ||
| 008 | 140319s9999 xx 000 0 ara d | ||
| 040 |
_aGCL / _cGCL |
||
| 082 | 0 | 4 |
_a956.04 _bع ق |
| 100 | 1 | _aعوده بطرس عوده | |
| 245 | 1 | 0 |
_aالقضية الفلسطينية فى الواقع العربى / _cعوده بطرس عوده |
| 700 | 1 | _aعبدالله محمود الريماوى | |
| 300 | _a557 ص | ||
| 490 | _a | ||
| 650 | 0 | 4 | _aالقضية الفلسطينية |
| 650 | 0 | 4 | _aهجرة اليهود الى فلسطين |
| 650 | 0 | 4 | _aالصراع العربى الاسرائيلى |
| 942 |
_2ddc _cBK |
||
| 999 |
_c38260 _d38260 |
||